द टेस्टामेंट / (Record no. 16417)

MARC details
000 -LEADER
fixed length control field 01119nam a22002297a 4500
008 - FIXED-LENGTH DATA ELEMENTS--GENERAL INFORMATION
fixed length control field 081007t xxu||||| |||| 00| 0 mar
010 ## - LCCN (DPL NO)
LC control number MAR-19884
020 ## - INTERNATIONAL STANDARD BOOK NUMBER
Terms of availability 350.00
035 ## - SYSTEM CONTROL NUMBER
System control number MR-12542
037 ## - SOURCE OF ACQUISITION
Stock number D.B.Act /pub
082 ## - DEWEY DECIMAL CLASSIFICATION NUMBER
Classification number 823
100 ## - MAIN ENTRY--PERSONAL NAME
Personal name ग्रिशॅम, जॉन
245 ## - TITLE STATEMENT
Title द टेस्टामेंट /
Statement of responsibility, etc जॉन ग्रिश
246 ## - VARYING FORM OF TITLE
Title proper/short title The Testament
Remainder of title by John Garisham
260 ## - PUBLICATION, DISTRIBUTION, ETC. (IMPRINT)
Place of publication, distribution, etc पुणे
Name of publisher, distributor, etc मेहता पब्लिशिंग हाऊस
Date of publication, distribution, etc 2008
270 ## - ADDRESS
Address 1941, सदाशिव पेठ
City पुणे
Postal code 411030
Telephone number 020-24476924
300 ## - PHYSICAL DESCRIPTION
Extent दहा,275 पृ
Dimensions 22सेमी (अजिल्द)
650 ## - SUBJECT ADDED ENTRY--TOPICAL TERM
Topical term or geographic name as entry element अंग्रेजी कादंबरी
General subdivision मराठी में अनुवाद
650 ## - SUBJECT ADDED ENTRY--TOPICAL TERM
Topical term or geographic name as entry element English Novel
General subdivision translation into Marathi
942 ## - ADDED ENTRY ELEMENTS (KOHA)
Source of classification or shelving scheme Dewey Decimal Classification
Item type Marathi Books
Classification part 841.463
Call number prefix 841.463 / ग्रिशॅम
Call number suffix ग्रिशॅम
Holdings
Withdrawn status Lost status Source of classification or shelving scheme Damaged status Not for loan Collection code Home library Current library Date acquired Source of acquisition Cost, normal purchase price Total Checkouts Full call number Barcode Date last seen Copy number Cost, replacement price Koha item type
    Dewey Decimal Classification     Fiction D.B.Act.Division D.B.Act.Division 08/10/2008 DBAD / PUB 350.00   921 आपरा MR-12542 08/10/2008 1 350.00 Marathi Books

© Delhi Public Library
Hit Counter
free hit counter